[Event "CZE-ch U14 Girls"]
[Site "Kouty nad Desnou"]
[Date "2024.03.13"]
[Round "6"]
[White "Martinkovicova, Nela"]
[Black "Sochorova, Valentyna"]
[Result "1-0"]
[WhiteElo "1476"]
[BlackElo "1485"]
[PlyCount "36"]
[EventDate "2024.03.09"]
[EventType "swiss"]
[EventRounds "9"]
[EventCountry "CZE"]
[SourceTitle "CB12_2024"]
[SourceDate "2023.10.01"]
[SourceVersion "1"]
[SourceVersionDate "2023.10.01"]
[SourceQuality "1"]

1. e4 e6 2. d4 d5 3. e5 c5 4. c3 Nc6 5. Bb5 Qb6 6. Bxc6+ bxc6 7. Ne2 cxd4 8. cxd4 Ba6 9. Nbc3 Ne7 10. f4 Nf5 11. g4 Nh4 12. 0-0 c5 13. Be3 Qxb2 14. Qa4+ Kd8 15. Rab1 Bb5 16. Qa5+ Kc8 17. Rxb2 Bc6 18. Qa6+ Kd7 1-0

[Event "CZE-ch U14 Girls"]
[Site "Kouty nad Desnou"]
[Date "2024.03.11"]
[Round "3"]
[White "Sochorova, Valentyna"]
[Black "Kammova, Katerina"]
[Result "0-1"]
[WhiteElo "1485"]
[BlackElo "1781"]
[PlyCount "68"]
[EventDate "2024.03.09"]
[EventType "swiss"]
[EventRounds "9"]
[EventCountry "CZE"]
[SourceTitle "CB12_2024"]
[SourceDate "2023.10.01"]
[SourceVersion "1"]
[SourceVersionDate "2023.10.01"]
[SourceQuality "1"]

1. e4 c6 2. d4 d5 3. f3 e6 4. Nc3 Nf6 5. Qd3 b6 6. Nge2 Be7 7. Bf4 a5 8. 0-0-0 Ba6 9. Qe3 b5 10. h4 Nbd7 11. e5 Ng8 12. Bg5 Nb6 13. g4 Nc4 14. Qf4 h6 15. Bxe7 Qxe7 16. Bh3 Qb4 17. Rdg1 Qxb2+ 18. Kd1 b4 19. Na4 Qxa2 20. Nc5 Bb5 21. Qc1 a4 22. Nf4 b3 23. cxb3 axb3 24. Nfd3 b2 25. Nxb2 Nxb2+ 26. Kd2 Ne7 27. Ke3 Ng6 28. Rg2 Ra3+ 29. Kf2 Nd3+ 30. Kg3 Nxc1 31. Rxa2 Nxa2 32. Ra1 0-0 33. Bf1 Bxf1 34. Rxf1 Rb8 0-1

[Event "CZE-ch U14 Girls"]
[Site "Teplice"]
[Date "2023.03.18"]
[Round "9"]
[White "Sochorova, Valentyna"]
[Black "Stehlikova, Vanessa"]
[Result "1-0"]
[WhiteElo "1051"]
[BlackElo "1085"]
[PlyCount "59"]
[EventDate "2023.03.11"]
[EventType "swiss"]
[EventRounds "9"]
[EventCountry "CZE"]
[SourceTitle "CBM 213 Extra"]
[Source "ChessBase"]
[SourceDate "2023.05.31"]
[SourceVersion "1"]
[SourceVersionDate "2023.05.31"]
[SourceQuality "1"]

1. e4 e5 2. Nf3 Nf6 3. Nxe5 d6 4. Nxf7 Kxf7 5. d4 Be7 6. Nc3 Re8 7. Bc4+ Kf8 8. Qf3 Nc6 9. Be3 Bg4 10. Qf4 Qd7 11. h3 Bh5 12. g4 Bg6 13. g5 Rad8 14. gxf6 Bxf6 15. Nd5 Qf7 16. Nxf6 Qxf6 17. Qxf6+ gxf6 18. Bh6+ Ke7 19. f3 Nxd4 20. Kf2 Nxc2 21. Rac1 Nd4 22. Be3 c5 23. Rhd1 Nc6 24. Bd5 Ne5 25. f4 Nc6 26. a3 Bh5 27. Rd2 Kd7 28. f5 Kc7 29. Kg3 b6 30. b4 1-0

[Event "CZE-ch U14 Girls"]
[Site "Teplice"]
[Date "2023.03.17"]
[Round "8"]
[White "Krisicova, Neli"]
[Black "Sochorova, Valentyna"]
[Result "1-0"]
[WhiteElo "1049"]
[BlackElo "1051"]
[PlyCount "117"]
[EventDate "2023.03.11"]
[EventType "swiss"]
[EventRounds "9"]
[EventCountry "CZE"]
[SourceTitle "CBM 213 Extra"]
[Source "ChessBase"]
[SourceDate "2023.05.31"]
[SourceVersion "1"]
[SourceVersionDate "2023.05.31"]
[SourceQuality "1"]

1. e4 d5 2. exd5 Qxd5 3. Nc3 Qa5 4. g3 Nf6 5. Bg2 Bg4 6. Nf3 Nc6 7. d3 e6 8. 0-0 Qh5 9. d4 0-0-0 10. Qd3 Nxd4 11. Nxd4 e5 12. Qb5 Rxd4 13. Qxb7+ Kd8 14. Qa8+ Ke7 15. Qxa7 Rd7 16. Re1 Kd8 17. a4 Bf3 18. Bxf3 Qxf3 19. Qb8+ Ke7 20. Rxe5+ Kd6 21. Qb5 Qc6 22. Qxc6+ Kxc6 23. Be3 Bd6 24. Rb5 Ng4 25. a5 Nxe3 26. fxe3 Ra8 27. a6 Bc5 28. Kf2 Rd2+ 29. Kf3 Rxc2 30. Rb3 Rxh2 31. Ne4 Bb6 32. Kf4 Rh5 33. Ra4 Rd5 34. Rc4+ Kd7 35. Ra3 Rh5 36. Rca4 Rb5 37. b3 f5 38. Ng5 h6 39. Nf7 g5+ 40. Kf3 Bc5 41. Ra2 Rxb3 42. Re2 Re8 43. a7 Ra8 44. Nxh6 Ke6 45. Ra6+ Rb6 46. Rea2 Ke5 47. R6a5 g4+ 48. Ke2 Rxh6 49. Rxc5+ Kf6 50. Ra6+ Kg5 51. Rxh6 Kxh6 52. Rxc7 Kg5 53. Kd3 Kf6 54. Kd4 Ke6 55. e4 Rd8+ 56. Ke3 Kd6 57. Rb7 Re8 58. Rb8 Rxe4+ 59. Kf2 1-0

[Event "CZE-ch U14 Girls"]
[Site "Teplice"]
[Date "2023.03.15"]
[Round "6"]
[White "Kubatova, Beta"]
[Black "Sochorova, Valentyna"]
[Result "1-0"]
[WhiteElo "1266"]
[BlackElo "1051"]
[PlyCount "173"]
[EventDate "2023.03.11"]
[EventType "swiss"]
[EventRounds "9"]
[EventCountry "CZE"]
[SourceTitle "CBM 213 Extra"]
[Source "ChessBase"]
[SourceDate "2023.05.31"]
[SourceVersion "1"]
[SourceVersionDate "2023.05.31"]
[SourceQuality "1"]

1. d4 f5 2. Nc3 Nf6 3. Bg5 h6 4. Bxf6 exf6 5. e4 d6 6. Qh5+ Ke7 7. Nd5+ Kd7 8. Qxf5+ Ke8 9. Qg6+ Kd7 10. Qf7+ Be7 11. Qxg7 Rf8 12. Qxh6 c6 13. Nc3 Kc7 14. Nf3 Bg4 15. Be2 f5 16. Qe3 Nd7 17. Qd3 fxe4 18. Nxe4 Bf5 19. Nfd2 d5 20. Qg3+ Kc8 21. Nd6+ Bxd6 22. Qxd6 Bxc2 23. Rc1 Rf6 24. Qg3 Bg6 25. 0-0 Qa5 26. Qc3 Qb6 27. b4 a6 28. a4 Kb8 29. a5 Qc7 30. Bg4 Bf5 31. Bxf5 Rxf5 32. Qh3 Rf4 33. Nf3 Ka7 34. Rfe1 Nf6 35. Rcd1 Ne4 36. Rc1 Qg7 37. Rxe4 dxe4 38. Ne5 Rh8 39. Qg3 Qh6 40. h3 Rf6 41. Re1 Qh7 42. Qe3 Rg8 43. Ng4 Rf7 44. Nh6 Rf3 45. Qxe4 Qxe4 46. Rxe4 Rg6 47. Ng4 Rb3 48. d5 cxd5 49. Rd4 Rg5 50. Ne3 Kb8 51. Nxd5 Rxh3 52. g3 Rhh5 53. Nf4 Rh6 54. Kg2 Kc7 55. Nd5+ Kc6 56. Nc3 Rf5 57. f4 Re6 58. g4 Rf8 59. Kf3 Rfe8 60. Rc4+ Kd6 61. Rd4+ Kc6 62. Rd3 Kc7 63. g5 Rh8 64. Kg4 Re1 65. Nd5+ Kd8 66. Nb6+ Ke8 67. f5 Re4+ 68. Kg3 Rxb4 69. g6 Rhh4 70. Re3+ Kd8 71. Rd3+ Ke8 72. Re3+ Kd8 73. Rd3+ Ke8 74. Nd5 Rbg4+ 75. Kf2 Rg5 76. Nc7+ Ke7 77. Rf3 Rhh5 78. f6+ Kd7 79. Na8 Rf5 80. Nb6+ Ke6 81. f7 Ke7 82. Nd5+ Kf8 83. Nf4 Rh8 84. Ne6+ Ke7 85. Rxf5 Rh2+ 86. Kg3 Kxe6 87. f8Q 1-0

[Event "CZE-ch U14 Girls"]
[Site "Teplice"]
[Date "2023.03.12"]
[Round "2"]
[White "Hladka, Leontyna"]
[Black "Sochorova, Valentyna"]
[Result "0-1"]
[WhiteElo "1307"]
[BlackElo "1051"]
[PlyCount "86"]
[EventDate "2023.03.11"]
[EventType "swiss"]
[EventRounds "9"]
[EventCountry "CZE"]
[SourceTitle "CBM 213 Extra"]
[Source "ChessBase"]
[SourceDate "2023.05.31"]
[SourceVersion "1"]
[SourceVersionDate "2023.05.31"]
[SourceQuality "1"]

1. e4 d6 2. d4 g6 3. Nc3 Bg7 4. Bc4 e6 5. Nge2 Nd7 6. 0-0 a6 7. a4 Ne7 8. Bg5 h6 9. Be3 0-0 10. Qd2 Kh7 11. f3 c6 12. d5 Ne5 13. Bb3 Qc7 14. dxc6 N7xc6 15. Nd4 Na5 16. Nce2 Nac4 17. Bxc4 Nxc4 18. Qc1 Nxe3 19. Qxe3 h5 20. c3 Bh6 21. Qf2 Qb6 22. b4 Bd7 23. f4 e5 24. Nc2 Qc6 25. Qf3 Bg4 26. Qd3 Bxe2 27. Qxe2 exf4 28. Rf3 Rfe8 29. Nd4 Qb6 30. a5 Qa7 31. Re1 Rac8 32. h3 f5 33. Qd3 Re7 34. Kh2 Rce8 35. Qc2 fxe4 36. Rf2 Qb8 37. Ne2 d5 38. Kh1 Qe5 39. Nd4 Qg5 40. Rfe2 Bg7 41. Rf2 Rc8 42. Rd2 Qg3 43. Rf1 Rxc3 0-1

[Event "CZE-chT U12"]
[Site "Jihlava"]
[Date "2022.06.11"]
[Round "5.5"]
[White "Sochorova, Valentyna"]
[Black "Maresova, Denisa"]
[Result "1-0"]
[WhiteElo "1100"]
[BlackElo "1122"]
[PlyCount "123"]
[EventDate "2022.06.10"]
[EventType "team-swiss"]
[EventRounds "9"]
[EventCountry "CZE"]
[SourceTitle "CBM 209 Extra"]
[Source "ChessBase"]
[SourceDate "2022.09.30"]
[SourceVersion "1"]
[SourceVersionDate "2022.09.30"]
[SourceQuality "1"]
[WhiteTeam "Grygov U12"]
[BlackTeam "Plzen 64 U12"]
[WhiteTeamCountry "CZE"]
[BlackTeamCountry "CZE"]

1. e4 d5 2. exd5 Qxd5 3. Nc3 Qa5 4. d4 c6 5. Bd2 Qc7 6. Nf3 Bg4 7. Be2 Nf6 8. a3 e6 9. Be3 Bd6 10. Qd2 Nbd7 11. Bg5 h6 12. Bh4 g5 13. Bg3 Bxg3 14. hxg3 0-0-0 15. 0-0-0 Nb6 16. Ne5 Bxe2 17. Qxe2 Rhf8 18. Rxh6 Nfd7 19. f4 Nxe5 20. fxe5 Nd5 21. Nxd5 Rxd5 22. Rd3 Rfd8 23. Qd2 Qd7 24. Rh7 c5 25. Qxg5 cxd4 26. Qf4 Rf8 27. g4 Kd8 28. g5 Ke8 29. Qg3 a6 30. Rb3 b5 31. Kd2 Qc7 32. g6 Rd7 33. Rb4 fxg6 34. Rxd7 Qxd7 35. Qxg6+ Kd8 36. Qg4 Ke8 37. Rxd4 Qc7 38. Qxe6+ Qe7 39. Qxe7+ Kxe7 40. Ke3 Rf5 41. Re4 Ke6 42. Kd4 Rg5 43. g4 Rg7 44. b3 Rc7 45. c4 bxc4 46. bxc4 Rb7 47. Kc3 a5 48. g5 Rg7 49. c5 Rxg5 50. Kd4 Rg7 51. Rf4 Rd7+ 52. Ke4 Rd5 53. Rf6+ Ke7 54. Kxd5 Kd7 55. c6+ Kc7 56. Rf7+ Kc8 57. e6 Kd8 58. c7+ Kc8 59. e7 Kd7 60. e8Q+ Kxe8 61. Rh7 Kf8 62. c8Q# 1-0